Top 100 greatest generals in history - Statistics

General Stats
  • This quiz has been taken 636 times
  • The average score is 24 of 100
Answer Stats
Country Name Years they lived in Battles won % Correct
France Napoleon Bonaparte 1769 - 1821 56
97%
Rome Julius Caesar 100 BC - 44 BC 23
90%
Macedonia Alexander The Great 356 BC - 323 BC 22
87%
UK Harold Alexander 1891 - 1969 9
87%
UK Duke Of Wellington 1769 - 1852 39
74%
Carthage Hannibal 247 BC - 181 BC 18
73%
USA Ulysses Grant 1822 - 1885 15
68%
Germany Erwin Rommel 1891 - 1944 8
65%
Confederate States Robert Lee 1807 - 1870 13
65%
USA Dwight Eisenhower 1890 - 1969 11
60%
USA Douglas Mac Arthur 1880 - 1964 18
55%
USA George S. Patton 1885 - 1945 11
55%
USSR Georgy Zhukov 1896 - 1974 12
53%
UK Bernand Montgomery 1887 - 1976 19
52%
USA George Washington 1733 - 1799 8
51%
Mongol Empire Batu Khan 1207 - 1255 15
42%
Prussia Frederick The Great 1712 - 1786 12
42%
Ayyubid Sultanate Saladin 1137 - 1193 9
40%
Rome Scipio Africanus 236 BC - 183 BC 8
39%
Austrian Empire Archduke Charles 1771 - 1847 12
38%
Sweden Charles XII 1682 - 1718 11
36%
USA William Sherman 1820 - 1891 8
34%
Timurid Empire Timur 1336 - 1405 9
33%
Rashidun Caliphate Khalid Ibn Al Walid 585 - 642 28
32%
Oda Clan Oda Nobunaga 1534 - 1582 21
31%
Gran Colombia Simon Bolivar 1783 - 1830 8
31%
France Michel Ney 1769 - 1815 18
30%
Muslims Muhammad 570 - 632 9
30%
Turkey Ataturk 1881 - 1938 10
29%
Wei Cao Cao 155 - 220 20
27%
Sweden Charles Gustav 1622 - 1660 8
25%
Germany Heinz Guderian 1888 - 1954 12
25%
France Joachim Murat 1767 - 1815 14
25%
USA John Pershing 1860 - 1948 9
23%
Takeda Clan Takeda Shingen 1521 - 1573 22
23%
France Louis XIII 1601 - 1643 9
21%
Russia Alexander Suvorov 1730 - 1800 16
20%
France Ferdinand Foch 1851 - 1929 14
20%
Italy Giuseppe Garibaldi 1807 - 1882 9
20%
France Gouvion Saint Cyr 1764 - 1830 11
20%
Sweden Gustavus Adolphus 1594 - 1634 9
20%
UK Douglas Haig 1861 - 1928 19
19%
France Louis Nicolas Davout 1770 - 1823 14
19%
USA Omar Bradley 1893 - 1981 10
19%
Castile El Cid 1043 - 1099 9
18%
Western Roman Empire Flavius Aetius 391 - 454 13
17%
Prussia Gebhard Von Blucher 1742 - 1819 8
17%
Germany Erich Ludendorff 1865 - 1937 10
15%
Mongol Empire Subutai 1175 - 1248 12
15%
Haiti Toussaint Louverture 1743 - 1803 9
15%
Korea Yi Sun Sin 1545 - 1598 11
15%
France Andre Massena 1758 - 1817 15
14%
Habsburg Monarchy Eugene Of Savoy 1663 - 1736 13
14%
USSR Ivan Konev 1897 - 1973 9
14%
Netherlands Maurice Of Nassau 1567 - 1625 21
14%
France Jean De Dieu Soult 1769 - 1851 11
13%
France Jean Lannes 1769 - 1809 12
13%
USSR Rokossovsky 1896 - 1968 8
13%
Tokugawa Chan Tokugawa Ieyasu 1543 - 1616 9
13%
Mughal Empire Babur 1483 - 1530 14
12%
Germany Gerd Von Rundstedt 1875 - 1953 11
12%
Hussites Jan Žižka 1360 - 1424 11
12%
Great Britain Charles Cornwallis 1783 - 1805 11
11%
Great Britain Duke Of Marlborough 1650 - 1722 10
11%
France Grand Conde 1621 - 1685 8
11%
France Turenne 1611 - 1675 15
11%
Germany Fedor Von Bock 1880 - 1945 14
10%
Poland Jozef Pilsudski 1867 - 1935 10
10%
Shu Han Liu Bei 161 - 233 8
10%
USA Winfield Scott 1786 - 1866 10
10%
Western Roman Empire Flavius Stilicho 359 - 408 9
9%
France Jean Moreau 1763 - 1813 15
9%
France Louis Gabriel Suchet 1770 - 1826 9
9%
Rome Lucullus 118 BC - 56 BC 9
9%
Confederate States Pierre Gustave Toutant Beauregard 1818 - 1893 9
9%
League Of Lezhe Skanderbeg 1405 - 1468 11
9%
USA Philip Sheridan 1831 - 1888 10
8%
Persia Shapur 215 - 270 9
8%
Mamluk Sultanate Baibars 1223 - 1277 12
7%
UK Edmund Allenby 1861 - 1936 18
7%
French Royalists Francois De Charette 1753 - 1796 13
7%
Germany Hermann Hoth 1885 - 1971 9
7%
French Royalists La Rochejaquelein 1772 - 1794 10
7%
England Thomas Fairfax 1612 - 1671 8
7%
Great Britain William Howe 1729 - 1814 9
7%
USA David Petraeus 1952 - Present 10
6%
Australia Harry Chauvel 1865 - 1945 16
6%
Poland - Lithuania Jan-K Chodkiewicz 1560 - 1621 10
6%
France Jean Baptiste Kleber 1753 - 1800 12
6%
Poland - Lithuania Stefan Czarniecki 1599 - 1665 10
6%
Macedonia Hephaestion 356 BC - 324 BC 9
5%
Mori Clain Kobaya Takakage 1533 - 1597 10
5%
USA Matthew Ridgway 1895 - 1993 13
5%
UK Hubert Gough 1870 - 1963 9
4%
UK Hugh Gough 1779 - 1869 11
4%
Sikh Empire Hari Singh Nalwa 1791 - 1837 14
3%
UK Henry Rawlinson 1810 - 1895 14
3%
France Lazare Hoche 1768 - 1797 9
3%
China Peng Dehuai 1898 - 1974 9
3%
UK Herbert Plumer 1857 - 1932 9
2%
No matching quizzes found
Score Distribution
Percent of People with Each Score
Percentile by Number Answered
Your Score History
You have not taken this quiz